[Event "Festival Aloas 2014 - Torneo ITT"]
[Site "Buenos Aires ARG"]
[Date "2014.11.20"]
[Round "1.1"]
[White "Nejanky, Maisa"]
[Black "Malbran, Guillermo"]
[Result "0-1"]
[WhiteElo "2071"]
[BlackElo "2234"]
[PlyCount "46"]
[EventDate "2014.11.20"]
[EventType "tourn"]
[EventRounds "9"]
[EventCountry "ARG"]
[Source "lmi"]
[SourceDate "2014.11.20"]

1. e4 Nf6 2. e5 Nd5 3. d4 d6 4. Nf3 Bg4 5. c4 Nb6 6. Nbd2 dxe5 7. dxe5 Nc6 8.
Qc2 e6 9. a3 Bf5 10. Qb3 Bc5 11. Qb5 Be7 12. Qb3 O-O 13. Be2 Bc5 14. Nf1 Nd4
15. Nxd4 Qxd4 16. Qg3 Nxc4 17. Bh6 Qxe5 18. Bf4 Qxb2 19. Rc1 b5 20. Bxc4 bxc4
21. Rd1 Qxa3 22. Ne3 Bd3 23. f3 Qb2 0-1

[Event "Festival Aloas 2014 - Torneo ITT"]
[Site "Buenos Aires ARG"]
[Date "2014.11.20"]
[Round "1.2"]
[White "Cuevas, Alex"]
[Black "Kropff, Ricardo"]
[Result "1-0"]
[WhiteElo "2262"]
[BlackElo "2174"]
[PlyCount "98"]
[EventDate "2014.11.20"]
[EventType "tourn"]
[EventRounds "9"]
[EventCountry "ARG"]
[Source "lmi"]
[SourceDate "2014.11.20"]

1. c4 e6 2. Nf3 d5 3. b3 Nf6 4. Bb2 Be7 5. g3 O-O 6. Bg2 c5 7. O-O Nc6 8. cxd5
exd5 9. d4 Ne4 10. Nc3 Bf6 11. Na4 b5 12. Nxc5 Nxc5 13. Rc1 Nxb3 14. Qxb3 Qd6
15. Ne5 Na5 16. Qxd5 Qxd5 17. Bxd5 Rb8 18. Nxf7 Bb7 19. Be6 Rfe8 20. Nd8+ Rxe6
21. Nxe6 Nc4 22. Ba1 Re8 23. Nc5 Ba8 24. Rfd1 Rxe2 25. d5 Bg5 26. Re1 Rxa2 27.
Rcd1 Kf7 28. Ne6 Be7 29. Nc7 Bb7 30. Rd4 g5 31. Nxb5 Nd2 32. Kg2 Nb3 33. Rdd1
Bc5 34. Nc3 Rxf2+ 35. Kh1 Nxa1 36. Ne4 Rc2 37. Nxc5 Rxc5 38. Rxa1 Bxd5+ 39. Kg1
g4 40. Kf2 a5 41. Ke3 Bf3 42. Rec1 Re5+ 43. Kd4 Rd5+ 44. Kc4 Rd2 45. Rxa5 Rxh2
46. Ra6 Rd2 47. Rb6 Rd7 48. Ra1 h5 49. Rh6 Rd5 1-0

[Event "Festival Aloas 2014 - Torneo ITT"]
[Site "Buenos Aires ARG"]
[Date "2014.11.20"]
[Round "1.3"]
[White "Meza, Anahi"]
[Black "Carraro, Denise"]
[Result "0-1"]
[WhiteElo "1986"]
[BlackElo "2068"]
[PlyCount "56"]
[EventDate "2014.11.20"]
[EventType "tourn"]
[EventRounds "9"]
[EventCountry "ARG"]
[Source "lmi"]
[SourceDate "2014.11.20"]

1. d4 g6 2. c4 d6 3. Nc3 Bg7 4. e4 Nc6 5. Be3 e5 6. d5 Nce7 7. Qd2 f5 8. f3 h6
9. Bd3 Nf6 10. O-O-O a6 11. Nge2 Bd7 12. Qc2 O-O 13. a3 Qe8 14. Qb3 Rb8 15. Ba7
Ra8 16. Qxb7 c5 17. dxc6 Nxc6 18. Bf2 Qf7 19. Qb3 Rab8 20. Qa2 Rfc8 21. b4 Be6
22. Kd2 fxe4 23. fxe4 h5 24. Be3 Ng4 25. Rdf1 Qe7 26. Nd5 Bxd5 27. cxd5 Nd4 28.
Nxd4 Nxe3 0-1

[Event "Festival Aloas 2014 - Torneo ITT"]
[Site "Buenos Aires ARG"]
[Date "2014.11.20"]
[Round "1.4"]
[White "Lozano, Betania"]
[Black "Vazquez, Maximiliano"]
[Result "1-0"]
[WhiteElo "2037"]
[BlackElo "2137"]
[PlyCount "61"]
[EventDate "2014.11.20"]
[EventType "tourn"]
[EventRounds "9"]
[EventCountry "ARG"]
[Source "lmi"]
[SourceDate "2014.11.20"]

1. d4 Nf6 2. c4 e6 3. Nc3 Bb4 4. Qc2 c5 5. dxc5 Qc7 6. Bd2 Bxc5 7. e3 a6 8. Nf3
b6 9. Ne4 Be7 10. Rc1 d6 11. Bd3 Nbd7 12. O-O Bb7 13. Nd4 O-O 14. b4 Rac8 15.
f4 Nxe4 16. Bxe4 Nf6 17. Bxb7 Qxb7 18. Qd3 Rfd8 19. b5 Rd7 20. Nc6 Bf8 21. Bc3
Ne8 22. f5 d5 23. fxe6 fxe6 24. Rxf8+ Kxf8 25. Qxh7 Rxc6 26. bxc6 Qxc6 27. cxd5
Qxd5 28. Bb4+ Kf7 29. Rf1+ Nf6 30. Bc3 Qd3 31. Rxf6+ 1-0

[Event "Festival Aloas 2014 - Torneo ITT"]
[Site "Buenos Aires ARG"]
[Date "2014.11.20"]
[Round "1.5"]
[White "Vargas, Gabriela"]
[Black "Leon, Juan Carlos"]
[Result "0-1"]
[WhiteElo "2119"]
[BlackElo "2269"]
[PlyCount "58"]
[EventDate "2014.11.20"]
[EventType "tourn"]
[EventRounds "9"]
[EventCountry "ARG"]
[Source "lmi"]
[SourceDate "2014.11.20"]

1. d4 e6 2. Nf3 f5 3. g3 Nf6 4. Bg2 d5 5. O-O Bd6 6. b3 Qe7 7. a4 O-O 8. Ba3
Nbd7 9. Ne5 Bxa3 10. Nxd7 Bxd7 11. Nxa3 e5 12. dxe5 Qxe5 13. c4 c6 14. cxd5
cxd5 15. Nc2 f4 16. gxf4 Qxf4 17. Qd4 Qg5 18. Qe3 Qh5 19. Nd4 Rae8 20. Qd3 Re5
21. Nf3 Re4 22. Rfd1 Kh8 23. Ne1 Rh4 24. Qf3 Bg4 25. Qg3 Bxe2 26. Qd6 Re8 27.
Rd2 Ne4 28. Bxe4 Rhxe4 29. Qxd5 Qg4+ 0-1

[Event "Festival Aloas 2014 - Torneo ITT"]
[Site "Buenos Aires ARG"]
[Date "2014.11.21"]
[Round "2.1"]
[White "Malbran, Guillermo"]
[Black "Leon, Juan Carlos"]
[Result "1-0"]
[WhiteElo "2234"]
[BlackElo "2269"]
[PlyCount "79"]
[EventDate "2014.11.20"]
[EventType "tourn"]
[EventRounds "9"]
[EventCountry "ARG"]
[Source "lmi"]
[SourceDate "2014.11.20"]

1. e4 e6 2. d4 d5 3. Nc3 Nf6 4. Bg5 Bb4 5. exd5 Qxd5 6. Nf3 Ne4 7. Bd2 Bxc3 8.
bxc3 Nxd2 9. Qxd2 b6 10. Be2 Bb7 11. O-O Nd7 12. Ne1 e5 13. f4 e4 14. c4 Qd6
15. a4 a5 16. c3 O-O 17. f5 Rac8 18. Qf4 Qf6 19. Nc2 c5 20. Ne3 cxd4 21. Ng4
Qe7 22. cxd4 f6 23. Rfb1 Ba6 24. Ne3 Rc6 25. Nd5 Qd8 26. Rc1 Re8 27. Bh5 Rf8
28. Qxe4 Rf7 29. Bxf7+ Kxf7 30. Nb4 axb4 31. Qxc6 g6 32. a5 b3 33. Rcb1 Kg7 34.
axb6 Nxb6 35. Rxa6 Qxd4+ 36. Kh1 Nxc4 37. Qb7+ Kh6 38. Qxb3 Ne3 39. Re6 Ng4 40.
Re2 1-0

[Event "Festival Aloas 2014 - Torneo ITT"]
[Site "Buenos Aires ARG"]
[Date "2014.11.21"]
[Round "2.2"]
[White "Vazquez, Maximiliano"]
[Black "Vargas, Gabriela"]
[Result "0-1"]
[WhiteElo "2137"]
[BlackElo "2119"]
[PlyCount "98"]
[EventDate "2014.11.20"]
[EventType "tourn"]
[EventRounds "9"]
[EventCountry "ARG"]
[Source "lmi"]
[SourceDate "2014.11.20"]

1. d4 d5 2. c4 e6 3. Nc3 Be7 4. cxd5 exd5 5. Bf4 c6 6. e3 Nf6 7. Bd3 Bg4 8. f3
Bh5 9. Nge2 Bg6 10. g4 Bxd3 11. Qxd3 Bd6 12. O-O-O Na6 13. e4 Bxf4+ 14. Nxf4
dxe4 15. fxe4 O-O 16. Kb1 Qa5 17. Rhg1 Rfe8 18. Nh5 Nxh5 19. gxh5 Qxh5 20. e5
Nb4 21. Qd2 Qf5+ 22. Kc1 Rad8 23. Rg5 Qf3 24. Rg3 Qf5 25. Rg5 Qf3 26. a3 Nd5
27. Rdg1 g6 28. Kb1 Nxc3+ 29. bxc3 Rd5 30. R5g3 Qe4+ 31. Ka2 Rexe5 32. R1g2 Qe1
33. Qb2 Rb5 34. dxe5 Rxb2+ 35. Rxb2 Qxe5 36. Rxb7 Qd5+ 37. Ka1 Qh1+ 38. Rb1
Qxh2 39. Rd3 h5 40. Rd7 a5 41. Rbb7 Qf4 42. Kb2 h4 43. Rd8+ Kg7 44. Rbb8 h3 45.
Rg8+ Kf6 46. Rh8 h2 47. Rbd8 Qf2+ 48. Kc1 Qe3+ 49. Kb2 Qb6+ 0-1

[Event "Festival Aloas 2014 - Torneo ITT"]
[Site "Buenos Aires ARG"]
[Date "2014.11.21"]
[Round "2.3"]
[White "Carraro, Denise"]
[Black "Lozano, Betania"]
[Result "1-0"]
[WhiteElo "2068"]
[BlackElo "2037"]
[PlyCount "101"]
[EventDate "2014.11.20"]
[EventType "tourn"]
[EventRounds "9"]
[EventCountry "ARG"]
[Source "lmi"]
[SourceDate "2014.11.20"]

1. e4 e6 2. Qe2 c5 3. g3 d5 4. exd5 Qxd5 5. Nf3 Nc6 6. Nc3 Qd8 7. Bg2 Nf6 8. d3
Be7 9. O-O O-O 10. Be3 Nd5 11. Nxd5 exd5 12. d4 Bg4 13. Qd2 b6 14. h3 Be6 15.
Rfd1 Qd7 16. Kh2 Rad8 17. c3 c4 18. Ne5 Nxe5 19. dxe5 f6 20. Bd4 fxe5 21. Bxe5
Rf5 22. f4 Rh5 23. g4 Bxg4 24. Qxd5+ Qxd5 25. Rxd5 Rxd5 26. Bxd5+ Kf8 27. Kg3
Be2 28. Kg2 Bd3 29. Re1 Bc5 30. Be4 Bxe4+ 31. Rxe4 b5 32. Kg3 Rf5 33. Re2 Rf7
34. Rd2 Rb7 35. Kf3 Kf7 36. Ke4 Be7 37. Rd5 Rb6 38. Rd7 Ra6 39. a3 g6 40. Rb7
Rb6 41. Rxa7 Ke6 42. Ra8 Rb7 43. Ra6+ Kd7 44. Kd5 Bh4 45. Ra8 Bf2 46. Rh8 h5
47. Rh7+ Kc8 48. Rxb7 Kxb7 49. Ke6 Bh4 50. Kf7 g5 51. Bf6 1-0

[Event "Festival Aloas 2014 - Torneo ITT"]
[Site "Buenos Aires ARG"]
[Date "2014.11.21"]
[Round "2.4"]
[White "Kropff, Ricardo"]
[Black "Meza, Anahi"]
[Result "1/2-1/2"]
[WhiteElo "2174"]
[BlackElo "1986"]
[PlyCount "120"]
[EventDate "2014.11.20"]
[EventType "tourn"]
[EventRounds "9"]
[EventCountry "ARG"]
[Source "lmi"]
[SourceDate "2014.11.20"]

1. c4 Nf6 2. Nf3 g6 3. Nc3 Bg7 4. e4 d6 5. d4 O-O 6. Be2 c5 7. O-O cxd4 8. Nxd4
Nc6 9. Be3 Bd7 10. Qd2 Nxd4 11. Bxd4 Bc6 12. f3 h5 13. Rfd1 Kh7 14. Bf1 Qa5 15.
Rab1 Rfc8 16. b4 Qd8 17. Qf2 b6 18. Nd5 Bxd5 19. cxd5 Qd7 20. Ba6 Rc7 21. Qe2
Qa4 22. Rb3 Qd7 23. Rb2 Qd8 24. Rc2 Ne8 25. Bxg7 Kxg7 26. Rdc1 Kh7 27. Rc6 Rxc6
28. Rxc6 Nc7 29. Qc4 Nxa6 30. Qxa6 Qh8 31. Qc4 Qa1+ 32. Kf2 Qb2+ 33. Kg3 Qe5+
34. f4 h4+ 35. Kf3 Qh5+ 36. Kf2 Qd1 37. Qc3 Qg4 38. Qf3 Qd7 39. h3 b5 40. Qc3
a5 41. bxa5 Qa7+ 42. Kf3 Qg1 43. Qe3 Qf1+ 44. Qf2 Qxf2+ 45. Kxf2 Rxa5 46. Rc7
Rxa2+ 47. Kf3 Ra3+ 48. Kf2 Kg7 49. Rxe7 b4 50. Rb7 b3 51. e5 dxe5 52. fxe5 Ra5
53. e6 Rxd5 54. Rxf7+ Kg8 55. Rb7 Re5 56. Rxb3 Rxe6 57. Rb4 g5 58. Rb5 Rg6 59.
Kf3 Kg7 60. Kg4 Kh6 1/2-1/2

[Event "Festival Aloas 2014 - Torneo ITT"]
[Site "Buenos Aires ARG"]
[Date "2014.11.21"]
[Round "2.5"]
[White "Nejanky, Maisa"]
[Black "Cuevas, Alex"]
[Result "1-0"]
[WhiteElo "2071"]
[BlackElo "2262"]
[PlyCount "101"]
[EventDate "2014.11.20"]
[EventType "tourn"]
[EventRounds "9"]
[EventCountry "ARG"]
[Source "lmi"]
[SourceDate "2014.11.20"]

1. e4 c5 2. Nc3 a6 3. f4 e6 4. Nf3 b5 5. d4 cxd4 6. Nxd4 Bb7 7. Bd3 b4 8. Nb1
Nf6 9. Qe2 d5 10. e5 Ne4 11. Bxe4 dxe4 12. Be3 Nc6 13. Nb3 Na5 14. N1d2 Rc8 15.
Nxa5 Qxa5 16. Nb3 Qc7 17. Rc1 Be7 18. O-O Bd5 19. Qg4 g6 20. c4 Bb7 21. Qg3 Rd8
22. Qf2 Rd3 23. Rc2 O-O 24. Kh1 Rc8 25. Qe2 a5 26. Nc1 Qd7 27. Nxd3 exd3 28.
Qd1 Be4 29. Rc1 a4 30. b3 Qc6 31. Qd2 h5 32. Kg1 h4 33. h3 axb3 34. axb3 Ra8
35. Ra1 Ra3 36. Rxa3 bxa3 37. Rb1 Kg7 38. Rc1 Qb7 39. Rb1 Bb4 40. Qf2 d2 41.
Rd1 a2 42. f5 exf5 43. Qxh4 Qe7 44. Qh6+ Kg8 45. Bd4 Bc5 46. Qxd2 Bb1 47. Kh1
Qa7 48. Ba1 Kh7 49. e6 fxe6 50. Qd8 Kh6 51. Qh4# 1-0

[Event "Festival Aloas 2014 - Torneo ITT"]
[Site "Buenos Aires ARG"]
[Date "2014.11.22"]
[Round "3.1"]
[White "Cuevas, Alex"]
[Black "Malbran, Guillermo"]
[Result "1-0"]
[WhiteElo "2262"]
[BlackElo "2234"]
[PlyCount "69"]
[EventDate "2014.11.20"]
[EventType "tourn"]
[EventRounds "9"]
[EventCountry "ARG"]
[Source "lmi"]
[SourceDate "2014.11.20"]

1. g3 d5 2. c4 d4 3. Bg2 g6 4. Nf3 Bg7 5. O-O e5 6. e3 Ne7 7. exd4 exd4 8. d3
O-O 9. b4 Nd7 10. Re1 Re8 11. Na3 a6 12. Nc2 c5 13. bxc5 Nxc5 14. Ba3 Ne6 15.
Rb1 Nc6 16. Qd2 Rb8 17. Nh4 Qd7 18. f4 Nc7 19. Rxe8+ Nxe8 20. Nb4 Nxb4 21. Qxb4
Qc7 22. Qb6 Qxb6 23. Rxb6 Bf6 24. Bc5 Bd8 25. Rb3 Bf6 26. Nf3 Bf5 27. Bxd4 Rd8
28. Bxf6 Nxf6 29. Ne5 b5 30. c5 Nd7 31. c6 Nxe5 32. fxe5 Rxd3 33. Rxd3 Bxd3 34.
e6 Bf5 35. e7 1-0

[Event "Festival Aloas 2014 - Torneo ITT"]
[Site "Buenos Aires ARG"]
[Date "2014.11.22"]
[Round "3.2"]
[White "Meza, Anahi"]
[Black "Nejanky, Maisa"]
[Result "0-1"]
[WhiteElo "1986"]
[BlackElo "2071"]
[PlyCount "98"]
[EventDate "2014.11.20"]
[EventType "tourn"]
[EventRounds "9"]
[EventCountry "ARG"]
[Source "lmi"]
[SourceDate "2014.11.20"]

1. d4 Nf6 2. c4 e6 3. Nc3 Bb4 4. Qc2 d5 5. a3 Bxc3+ 6. Qxc3 Ne4 7. Qc2 O-O 8.
Nf3 b6 9. e3 Bb7 10. Bd3 Nd7 11. O-O c5 12. Rd1 Qe7 13. Ne5 Rfd8 14. Bxe4 dxe4
15. Nxd7 Rxd7 16. dxc5 Rxd1+ 17. Qxd1 Rd8 18. Qe2 Qd7 19. h3 bxc5 20. b4 Qa4
21. Bb2 Qb3 22. Kh2 Rd3 23. bxc5 Ba6 24. Bd4 Qb8+ 25. Kg1 e5 26. Qb2 Rb3 27.
Qe2 exd4 28. exd4 Rb1+ 29. Rxb1 Qxb1+ 30. Kh2 Qd3 31. Qb2 h6 32. d5 Bxc4 33. d6
Kh7 34. Qb8 Bb5 35. Qxa7 e3 36. fxe3 Qd5 37. Qb6 Bc6 38. Qb1+ g6 39. Qc2 Qe5+
40. Kh1 Qxe3 41. Kh2 Qxa3 42. Qc4 Kg8 43. Qd4 Qa2 44. Qg4 Qd5 45. Qe2 Qxc5 46.
Qa2 Qe5+ 47. Kg1 Qg5 48. Qb2 Qd5 49. Qf2 Qxd6 0-1

[Event "Festival Aloas 2014 - Torneo ITT"]
[Site "Buenos Aires ARG"]
[Date "2014.11.22"]
[Round "3.3"]
[White "Lozano, Betania"]
[Black "Kropff, Ricardo"]
[Result "0-1"]
[WhiteElo "2037"]
[BlackElo "2174"]
[PlyCount "108"]
[EventDate "2014.11.20"]
[EventType "tourn"]
[EventRounds "9"]
[EventCountry "ARG"]
[Source "lmi"]
[SourceDate "2014.11.20"]

1. d4 d5 2. Nf3 Nf6 3. g3 c6 4. Bg2 Bg4 5. b3 e6 6. c4 Nbd7 7. O-O Be7 8. Nc3
O-O 9. h3 Bh5 10. a3 Ne4 11. Nxe4 dxe4 12. Ne1 f5 13. f3 exf3 14. Bxf3 Bxf3 15.
Nxf3 Bf6 16. Rb1 c5 17. Be3 Qe7 18. b4 cxd4 19. Nxd4 Rfd8 20. Qb3 Nf8 21. Nb5
a6 22. Bc5 Qd7 23. Rbd1 Qc6 24. Nd4 Qe4 25. Qd3 Qe5 26. Qf3 Nd7 27. Nb3 Qb2 28.
Rd3 Nxc5 29. Nxc5 Bd4+ 30. Kh1 Bxc5 31. bxc5 Rxd3 32. Qxd3 Qe5 33. Rb1 Qxc5 34.
Rxb7 Rc8 35. Qd7 Qc6+ 36. Qxc6 Rxc6 37. Rb4 Kf7 38. Kg2 Kf6 39. Kf3 g5 40. Ke3
Ke5 41. Kd3 h5 42. Rb7 g4 43. hxg4 hxg4 44. e3 Rd6+ 45. Ke2 Ke4 46. Rb3 Rc6 47.
Rc3 e5 48. Rc1 Rh6 49. Rc3 Rh2+ 50. Kd1 Kf3 51. c5 Kxg3 52. e4+ Kf4 53. exf5 g3
54. Ke1 Rh1+ 0-1

[Event "Festival Aloas 2014 - Torneo ITT"]
[Site "Buenos Aires ARG"]
[Date "2014.11.22"]
[Round "3.4"]
[White "Vargas, Gabriela"]
[Black "Carraro, Denise"]
[Result "1/2-1/2"]
[WhiteElo "2119"]
[BlackElo "2068"]
[PlyCount "130"]
[EventDate "2014.11.20"]
[EventType "tourn"]
[EventRounds "9"]
[EventCountry "ARG"]
[Source "lmi"]
[SourceDate "2014.11.20"]

1. d4 e6 2. Nf3 Nf6 3. Bg5 h6 4. Bh4 b6 5. e3 Bb7 6. Nbd2 c5 7. c3 Be7 8. Bd3
Nc6 9. O-O O-O 10. Re1 cxd4 11. exd4 d6 12. Nf1 Nh5 13. Bxe7 Nxe7 14. Ne3 Nf4
15. Bf1 Qd7 16. g3 Nfd5 17. Nxd5 Nxd5 18. Bg2 b5 19. Nd2 Nb6 20. Bxb7 Qxb7 21.
Qf3 Qxf3 22. Nxf3 Na4 23. Re2 Rfc8 24. Ne1 Rab8 25. a3 a5 26. Nd3 Nb6 27. Rd2
Nd5 28. Nf4 Nxf4 29. gxf4 d5 30. Kg2 b4 31. axb4 axb4 32. Rd3 Rc4 33. Kf3 bxc3
34. bxc3 Rb3 35. Rc1 Kh7 36. Ke2 Kg6 37. Rg1+ Kf6 38. Rgg3 g6 39. Rge3 Ra4 40.
Kf3 Rb2 41. Re2 Raa2 42. Rxb2 Rxb2 43. Kg2 Rc2 44. f5 exf5 45. Re3 f4 46. Re5
Rxc3 47. Rxd5 Rd3 48. h4 h5 49. Kh2 Ke6 50. Re5+ Kd6 51. Re4 Kd5 52. Rxf4 f5
53. f3 Ke6 54. Kg3 Rd2 55. d5+ Kxd5 56. Ra4 Ke5 57. Ra5+ Kd4 58. Kf4 Rc2 59.
Ra8 Kd3 60. Re8 Rc6 61. Kg5 Kd2 62. f4 Rd6 63. Re7 Kd3 64. Re1 Kd2 65. Re7 Kd3
1/2-1/2

[Event "Festival Aloas 2014 - Torneo ITT"]
[Site "Buenos Aires ARG"]
[Date "2014.11.22"]
[Round "3.5"]
[White "Leon, Juan Carlos"]
[Black "Vazquez, Maximiliano"]
[Result "1-0"]
[WhiteElo "2269"]
[BlackElo "2137"]
[PlyCount "107"]
[EventDate "2014.11.20"]
[EventType "tourn"]
[EventRounds "9"]
[EventCountry "ARG"]
[Source "lmi"]
[SourceDate "2014.11.20"]

1. d4 Nf6 2. Bg5 Ne4 3. h4 h6 4. Bf4 c5 5. dxc5 Qa5+ 6. Nd2 e5 7. Be3 Nxc5 8.
Ngf3 d6 9. c3 Ncd7 10. Nb3 Qa4 11. g4 Nf6 12. g5 Ng4 13. Bd2 h5 14. Nh2 Nc6 15.
Nxg4 Bxg4 16. Bg2 Be7 17. Bd5 O-O-O 18. Be3 Kb8 19. Nd2 Qxd1+ 20. Rxd1 Be6 21.
Bxe6 fxe6 22. O-O Rhf8 23. Kg2 d5 24. Nb3 b6 25. a4 Kb7 26. Rd2 g6 27. Kh3 Bd6
28. Ra1 Ne7 29. f3 Rc8 30. a5 Rc4 31. Rdd1 Nf5 32. Bf2 Bb8 33. axb6 axb6 34.
Nd2 Rc7 35. e4 Ne7 36. Bg3 Nc6 37. Kg2 Rd7 38. exd5 exd5 39. Ne4 Rdd8 40. Nf6
Ne7 41. Rd2 Nf5 42. Bf2 Kc6 43. Rad1 Ne7 44. b4 b5 45. Ra1 d4 46. cxd4 exd4 47.
Bxd4 Nd5 48. Nxd5 Rxd5 49. Ra6+ Kd7 50. Rxg6 Bf4 51. Rg7+ Ke6 52. Re2+ Kf5 53.
Bc5 Bd6 54. Rd7 1-0

[Event "Festival Aloas 2014 - Torneo ITT"]
[Site "Buenos Aires ARG"]
[Date "2014.11.23"]
[Round "4.1"]
[White "Malbran, Guillermo"]
[Black "Vazquez, Maximiliano"]
[Result "1/2-1/2"]
[WhiteElo "2234"]
[BlackElo "2137"]
[PlyCount "65"]
[EventDate "2014.11.20"]
[EventType "tourn"]
[EventRounds "9"]
[EventCountry "ARG"]
[Source "lmi"]
[SourceDate "2014.11.20"]

1. e4 c5 2. c3 Nf6 3. e5 Nd5 4. d4 cxd4 5. Nf3 e6 6. cxd4 b6 7. Nc3 Nxc3 8.
bxc3 Qc7 9. Bd2 Bb7 10. Bd3 d6 11. O-O Nd7 12. Ng5 dxe5 13. Qh5 g6 14. Qh3 Bg7
15. Rae1 Bd5 16. f4 e4 17. Bxe4 Bxe4 18. Rxe4 Nf6 19. Rxe6+ Kf8 20. Re2 h6 21.
Qf3 Rc8 22. Ne4 Nxe4 23. Rxe4 Bf6 24. f5 g5 25. Rfe1 Qc4 26. R4e2 b5 27. a3 a5
28. h4 b4 29. axb4 axb4 30. cxb4 Qxd4+ 31. Qf2 Qd6 32. h5 Kg7 33. Qf3 1/2-1/2

[Event "Festival Aloas 2014 - Torneo ITT"]
[Site "Buenos Aires ARG"]
[Date "2014.11.23"]
[Round "4.2"]
[White "Carraro, Denise"]
[Black "Leon, Juan Carlos"]
[Result "1/2-1/2"]
[WhiteElo "2068"]
[BlackElo "2269"]
[PlyCount "94"]
[EventDate "2014.11.20"]
[EventType "tourn"]
[EventRounds "9"]
[EventCountry "ARG"]
[Source "lmi"]
[SourceDate "2014.11.20"]

1. e4 Nf6 2. e5 Nd5 3. d4 d6 4. Nf3 Bg4 5. Be2 e6 6. c4 Nb6 7. exd6 cxd6 8. h3
Bh5 9. O-O Be7 10. Nc3 O-O 11. b3 Nc6 12. Bb2 d5 13. c5 Nd7 14. a3 Bf6 15. g4
Bg6 16. Qd2 Be4 17. Nd1 Na5 18. Qe3 h6 19. Nd2 Bh7 20. Bd3 Bxd3 21. Qxd3 e5 22.
Ne3 exd4 23. Bxd4 Nc6 24. Bxf6 Nxf6 25. f4 Ne4 26. Nxd5 Nxc5 27. Qc4 Nd7 28.
Rad1 Nb6 29. Nxb6 Qxb6+ 30. Kg2 Rad8 31. Ne4 Na5 32. Qc5 Qa6 33. Rxd8 Rxd8 34.
Qc2 Nc6 35. Nc5 Qxa3 36. Nxb7 Nb4 37. Qc4 Nd5 38. Rf3 Nb6 39. Qc5 Rd2+ 40. Kg3
Qb2 41. Qe5 Qb1 42. Qe8+ Kh7 43. Qe3 Rd1 44. Nc5 g6 45. Qe7 Rg1+ 46. Kh4 Kg8
47. Qd8+ Kg7 1/2-1/2

[Event "Festival Aloas 2014 - Torneo ITT"]
[Site "Buenos Aires ARG"]
[Date "2014.11.23"]
[Round "4.3"]
[White "Kropff, Ricardo"]
[Black "Vargas, Gabriela"]
[Result "1/2-1/2"]
[WhiteElo "2174"]
[BlackElo "2119"]
[PlyCount "34"]
[EventDate "2014.11.20"]
[EventType "tourn"]
[EventRounds "9"]
[EventCountry "ARG"]
[Source "lmi"]
[SourceDate "2014.11.20"]

1. Nf3 d5 2. g3 Nf6 3. Bg2 Bf5 4. O-O e6 5. d3 Be7 6. b3 O-O 7. Bb2 Nbd7 8. c4
c6 9. Nbd2 h6 10. Qc2 Bh7 11. Rfe1 a5 12. a3 Re8 13. Ne5 Nxe5 14. Bxe5 Bd6 15.
Qb2 Bxe5 16. Qxe5 Qb8 17. Qxb8 Raxb8 1/2-1/2

[Event "Festival Aloas 2014 - Torneo ITT"]
[Site "Buenos Aires ARG"]
[Date "2014.11.23"]
[Round "4.4"]
[White "Nejanky, Maisa"]
[Black "Lozano, Betania"]
[Result "1-0"]
[WhiteElo "2071"]
[BlackElo "2037"]
[PlyCount "59"]
[EventDate "2014.11.20"]
[EventType "tourn"]
[EventRounds "9"]
[EventCountry "ARG"]
[Source "lmi"]
[SourceDate "2014.11.20"]

1. e4 Nf6 2. e5 Nd5 3. d4 d6 4. c4 Nb6 5. f4 dxe5 6. fxe5 Bf5 7. Nc3 e6 8. Be3
Nc6 9. Be2 Nb4 10. Rc1 c5 11. Nf3 Be7 12. a3 cxd4 13. Nxd4 Nc6 14. Nxf5 exf5
15. Qc2 Nd4 16. Bxd4 Qxd4 17. Qxf5 Nxc4 18. Rd1 Qxe5 19. Qd7+ Kf8 20. Rd5 Qe3
21. Nd1 Qe4 22. Nf2 Qc2 23. Qxb7 Re8 24. Qb5 Bb4+ 25. Qxb4+ Kg8 26. O-O Qxe2
27. Rdd1 Ne3 28. Rfe1 Qxf2+ 29. Kxf2 Nxd1+ 30. Rxd1 1-0

[Event "Festival Aloas 2014 - Torneo ITT"]
[Site "Buenos Aires ARG"]
[Date "2014.11.23"]
[Round "4.5"]
[White "Cuevas, Alex"]
[Black "Meza, Anahi"]
[Result "1-0"]
[WhiteElo "2262"]
[BlackElo "1986"]
[PlyCount "63"]
[EventDate "2014.11.20"]
[EventType "tourn"]
[EventRounds "9"]
[EventCountry "ARG"]
[Source "lmi"]
[SourceDate "2014.11.20"]

1. c4 Nf6 2. g3 g6 3. Bg2 Bg7 4. Nc3 d6 5. e3 e5 6. Nge2 O-O 7. O-O Nc6 8. h3
Be6 9. Nd5 Qd7 10. Kh2 Ne8 11. Rb1 e4 12. d4 exd3 13. Nef4 Ne5 14. Nxe6 fxe6
15. Nf4 Nxc4 16. Qxd3 Ne5 17. Qb3 d5 18. Nxe6 Nf3+ 19. Bxf3 Rxf3 20. Nf4 c6 21.
Kg2 Qf5 22. Kxf3 Qxb1 23. Qxb7 Qe4+ 24. Ke2 Qc4+ 25. Nd3 Rd8 26. Bd2 Nf6 27.
Rc1 Qxa2 28. Rxc6 d4 29. Rc8 Re8 30. Qc6 Kf8 31. Rxe8+ Nxe8 32. Bb4+ 1-0

[Event "Festival Aloas 2014 - Torneo ITT"]
[Site "Buenos Aires ARG"]
[Date "2014.11.23"]
[Round "5.1"]
[White "Meza, Anahi"]
[Black "Malbran, Guillermo"]
[Result "1/2-1/2"]
[WhiteElo "1986"]
[BlackElo "2234"]
[PlyCount "28"]
[EventDate "2014.11.20"]
[EventType "tourn"]
[EventRounds "9"]
[EventCountry "ARG"]
[Source "lmi"]
[SourceDate "2014.11.20"]

1. d4 Nf6 2. c4 c5 3. d5 b5 4. cxb5 a6 5. Nc3 g6 6. e4 d6 7. Nf3 Nbd7 8. bxa6
Bxa6 9. Bxa6 Rxa6 10. Qe2 Ra8 11. O-O Bg7 12. Nd2 O-O 13. f4 Nb6 14. a4 Qc8
1/2-1/2

[Event "Festival Aloas 2014 - Torneo ITT"]
[Site "Buenos Aires ARG"]
[Date "2014.11.23"]
[Round "5.2"]
[White "Lozano, Betania"]
[Black "Cuevas, Alex"]
[Result "0-1"]
[WhiteElo "2037"]
[BlackElo "2262"]
[PlyCount "76"]
[EventDate "2014.11.20"]
[EventType "tourn"]
[EventRounds "9"]
[EventCountry "ARG"]
[Source "lmi"]
[SourceDate "2014.11.20"]

1. d4 Nf6 2. c4 c5 3. d5 e6 4. Nc3 exd5 5. cxd5 d6 6. e4 g6 7. Bc4 Bg7 8. Nge2
O-O 9. O-O a6 10. a4 Nbd7 11. Ng3 Ne5 12. Be2 c4 13. h3 Qc7 14. Be3 h5 15. f4
Ned7 16. Qc2 Re8 17. Rad1 h4 18. Nh1 Nc5 19. Nf2 Nfxe4 20. Nfxe4 Nxe4 21. Nxe4
Bf5 22. Bf3 Bxe4 23. Bxe4 Qe7 24. Bc5 dxc5 25. Rde1 Bd4+ 26. Kh1 f5 27. d6 Qe6
28. Bxb7 Qxe1 29. Qxc4+ Kg7 30. Bxa8 Re2 31. Qxd4+ cxd4 32. Rxe1 Rxe1+ 33. Kh2
Re6 34. d7 Rd6 35. b4 d3 36. Bf3 Rxd7 37. Kg1 d2 38. Bd1 Re7 0-1

[Event "Festival Aloas 2014 - Torneo ITT"]
[Site "Buenos Aires ARG"]
[Date "2014.11.23"]
[Round "5.3"]
[White "Vargas, Gabriela"]
[Black "Nejanky, Maisa"]
[Result "0-1"]
[WhiteElo "2119"]
[BlackElo "2071"]
[PlyCount "54"]
[EventDate "2014.11.20"]
[EventType "tourn"]
[EventRounds "9"]
[EventCountry "ARG"]
[Source "lmi"]
[SourceDate "2014.11.20"]

1. d4 Nf6 2. Nf3 e6 3. e3 b6 4. Bd3 Bb7 5. Nbd2 d5 6. O-O Bd6 7. b3 Nbd7 8. Bb2
O-O 9. Ne5 Re8 10. f4 Rc8 11. Rf3 g6 12. Rh3 Bf8 13. Qf3 Bg7 14. g4 Nf8 15. f5
exf5 16. gxf5 c5 17. fxg6 fxg6 18. Rf1 Rc7 19. Qf2 cxd4 20. exd4 Ne6 21. Qg2
Ne4 22. Nxe4 dxe4 23. Bxe4 Bxe4 24. Qxe4 Ng5 25. Qg4 Nxh3+ 26. Qxh3 Rxc2 27.
Qd3 Qg5+ 0-1